Personnel Today (Record no. 97694)

MARC details
000 -LEADER
fixed length control field 00233nam a2200097Ia 4500
008 - FIXED-LENGTH DATA ELEMENTS--GENERAL INFORMATION
fixed length control field 230206s9999 xx 000 0 und d
041 ## - LANGUAGE CODE
Language code of text/sound track or separate title eng
100 ## - MAIN ENTRY--PERSONAL NAME
Personal name Pande B, Ed.
9 (RLIN) 119242
245 ## - TITLE STATEMENT
Title Personnel Today
260 ## - PUBLICATION, DISTRIBUTION, ETC. (IMPRINT)
Date of publication, distribution, etc. 2010
Name of publisher, distributor, etc. NIPM
Place of publication, distribution, etc. Kolkata
Holdings
Withdrawn status Lost status Damaged status Not for loan Home library Current library Date acquired Vendor Serial Enumeration / chronology Total Checkouts Full call number Barcode Date last seen Bill Date Koha item type Original Barcode
        Smt. Hiraben Nanavati Institute of Management & Research for Women Smt. Hiraben Nanavati Institute of Management & Research for Women 17/11/2016 Satya Gilani Jan. 2010 to Sep. 2012 ( vol. 30 No. 4 to Vol. 33 No. 2)   658.31/PAN BV0178 HIMR-BV-178 06/02/2023 06/02/2023 Bound Volume BV0178
        Smt. Hiraben Nanavati Institute of Management & Research for Women Smt. Hiraben Nanavati Institute of Management & Research for Women 17/11/2016 Satya Gilani Jan. 2013 to Dec. 2013 ( vol. 33 No. 4 to Vol. 34 No. 3)   658.31/CHA BV0179 HIMR-BV-179 06/02/2023 06/02/2023 Bound Volume BV0179